LIBRARY & INFORMATION CENTRE, KCAET, TAVANUR

ONLINE PUBLIC ACCESS CATALOGUE (OPAC)

E M Forster / (Record no. 3974)

MARC details
000 -LEADER
fixed length control field 00386cam a2200157ua 4500
041 ## - LANGUAGE CODE
Language code of text/sound track or separate title eng
082 ## - DEWEY DECIMAL CLASSIFICATION NUMBER
Classification number 828.09
Item number TRI/EM
100 ## - MAIN ENTRY--AUTHOR NAME
Personal name Forster, E M .
245 ## - TITLE STATEMENT
Title E M Forster /
260 ## - PUBLICATION, DISTRIBUTION, ETC. (IMPRINT)
Place of publication London :
Name of publisher The Hogarth Press ,
Year of publication 1962.
300 ## - PHYSICAL DESCRIPTION
Number of Pages 164 ; .
700 1# - ADDED ENTRY--PERSONAL NAME
Personal name Trillinoy, Licnel .
942 ## - ADDED ENTRY ELEMENTS (KOHA)
Koha item type Books
Holdings
Withdrawn status Lost status Damaged status Home library Current library Date acquired Full call number Accession Number Koha item type
Withdrawn     KAUAET Sanskrit University 07/04/2012 828.09 5448 Books
free website counter